00303nam a22001097a 4500082002700000100002000027245005100047260002700098300002300125526003700148650000800185 a413.1bPOOcL-01, P-47 aPoojari, Mahesh a1001 words: illustrated nounscPoojari, Mahesh aIndiabKeep Busyc1996 a64 p.bill.c26 cm a0b0c0d413_100000000000000_POO aMCE